00274nam a2200121Ia 4500008004100000100002500041245003300066260001100099300000800110650001000118942000700128999001700135190216s9999||||xx |||||||||||||| ||und|| aJay Prakash Bharathi 0aHindi-Sresht Vithan Kathayem bSumith a160 aHindi cBK c16352d16352